Hydraulický výpočet funkčných objektov protipovodňových opatrení na Slatvinci

Saved in:
Bibliographic Details
Main Author: Kolesár, Miroslav (Author)
Other Authors: Šoltész, Andrej (Thesis advisor)
Format: Manuscript Book
Language:Slovak
Published: 2015
Subjects:
Online Access:http://is.stuba.sk/zp/portal_zp.pl?podrobnosti=99158
https://opac.crzp.sk/?fn=detailBiblioForm&sid=A1BE4CBC10A6410E2AD4758DE444
Tags: Add Tag
No Tags, Be the first to tag this record!

MARC

LEADER 00000ntm a22000003a 4500
001 stuzp51807
003 SK-STU
005 20230814113656.7
007 ta
008 150427s2015----xo-----f-mn---000-0-slo-d
040 |a STU  |b slo 
041 0 |a slo 
100 1 |a Kolesár, Miroslav  |u 010170  |4 aut  |U SvF Stavebná fakulta  |T SvF Katedra hydrotechniky  |X 55081  |U V170  |Y 17  |7 55081 
242 0 1 |a Hydraulic calculation of functional structures of flood control measures on the Slatvinec River  |y eng 
245 1 0 |a Hydraulický výpočet funkčných objektov protipovodňových opatrení na Slatvinci 
260 |c 2015 
650 4 |a hydraulický výpočet  |2 slo 
650 4 |a návrhová povodňová vlna  |2 slo 
650 4 |a bezpečnostný priepad  |2 slo 
650 4 |a polder  |2 slo 
650 4 |a hydraulic calculation  |2 eng 
650 4 |a flood wave  |2 eng 
650 4 |a detention reservoir  |2 eng 
650 4 |a spillway  |2 eng 
700 1 |a Šoltész, Andrej  |4 ths  |X 645  |7 A000000645 
856 4 |u http://is.stuba.sk/zp/portal_zp.pl?podrobnosti=99158 
856 4 |u https://opac.crzp.sk/?fn=detailBiblioForm&sid=A1BE4CBC10A6410E2AD4758DE444 
SQL |a stuzp51807  |b DBP  |c SLO  |d Hydraulický výpočet funkčných objektov protipovodňových opatrení na Slatvinci  |e 55081  |f Kolesár, Miroslav  |g 010170  |h 645  |i Šoltész, Andrej  |j 20150622  |k 7  |l 01  |m http://is.stuba.sk/zp/portal_zp.pl?podrobnosti=99158  |n B-VSH  |o 5.1.6. vodné stavby, 6.4.1. vodné hospodárstvo